Dopad odloženej dane na výsledok hospodárenia z pohľadu účtovných a daňových odpisov

Odložené dane a ich vplyv na výsledok hospodárenia. Členenie daňovej povinnosti podniku. Odložená daňová pohľadávka.

Saved in:
Bibliographic Details
Main Author: Gazdagová, Eva, 1957-
Other Authors: Mačejová, Svetlana
Format: Book Chapter
Language:Slovak
Subjects:
Tags: Add Tag
No Tags, Be the first to tag this record!

MARC

LEADER 00000nla$a2200000$$$4500
001 0050892
005 20240502071604.4
041 0 |a slo 
044 |a SK 
245 1 0 |a Dopad odloženej dane na výsledok hospodárenia z pohľadu účtovných a daňových odpisov  |c Eva Gazdagová, Svetlana Mačejová 
520 |a Odložené dane a ich vplyv na výsledok hospodárenia. Členenie daňovej povinnosti podniku. Odložená daňová pohľadávka. 
610 2 0 |a pohľadávky 
610 2 0 |a hospodárenie podnikové 
610 2 0 |a dane 
610 2 0 |a dane odložené 
610 2 0 |a odpisy daňové 
610 2 0 |a odpisy účtovné 
100 1 |a Gazdagová, Eva, 1957- 
700 1 |a Mačejová, Svetlana